Statistics for Name the Stadiums - FA Cup Final Hosts (updated)

Click here to take the quiz!

General Stats

  • This quiz has been taken 62 times
  • The average score is 4 of 13

Answer Stats

LocationFirst FinalLast FinalFinalsAnswer% Correct
South East2007202216Wembley (New), London
100%
South East1923200077Wembley (original), London
100%
North West191119703Old Trafford, Manchester
81%
South East192019223Stamford Bridge, London
40%
Wales200120066Millennium Stadium, Cardiff
33%
North West189419102Goodison Park, Liverpool
31%
South East1872189222Kennington Oval, London
27%
Yorkshire191219121Bramall Lane, Sheffield
19%
South East1895191420Crystal Palace, London
12%
North West190119011Burnden Park, Bolton
4%
North West189318931Fallowfield Stadium, Manchester
2%
South East187318731Lillie Bridge, London
0%
East Midlands188618861Racecourse Ground, Derby
0%

Score Distribution

Percentile by Number Answered

Percent of People with Each Score

Your Score History

You have not taken this quiz